Rekreačné možnosti v areáli Vodného diela Gabčíkovo

Výstavba Vodného diela Gabčíkovo a jeho uvedenie do prevádzky vytvára predpoklady na postupné vybudovanie rekreačných areálov. Európska vodná cesta od Rotterdamu po Čierne more umožňuje rekreačnú plavbu súkromných motorových jácht a výletných lodí. Urbanisticko-architektonické štúdie areálov: Šamorí...

Descripción completa

Guardado en:
Detalles Bibliográficos
Autor principal: Chorvát, S.
Formato: Capítulo de libro
Lenguaje:eslovaco
Materias:
Etiquetas: Agregar Etiqueta
Sin Etiquetas, Sea el primero en etiquetar este registro!

MARC

LEADER 00000naa a2200000 4500
001 r024405
005 20221213114930.2
041 0 |a slo 
044 |a SK 
245 1 0 |a Rekreačné možnosti v areáli Vodného diela Gabčíkovo  |c S. Chorvát 
520 |a Výstavba Vodného diela Gabčíkovo a jeho uvedenie do prevádzky vytvára predpoklady na postupné vybudovanie rekreačných areálov. Európska vodná cesta od Rotterdamu po Čierne more umožňuje rekreačnú plavbu súkromných motorových jácht a výletných lodí. Urbanisticko-architektonické štúdie areálov: Šamorín-Čilistov, Hanuliakovo, Vojka nad Dunajom, Čunovo. 
610 2 0 |a rekreácia 
610 2 0 |a ruch cestovný 
610 2 0 |a doprava vodná osobná 
610 2 0 |a plavidlá 
610 2 0 |a Dunaj 
610 2 0 |a strediská ruchu cestovného 
610 2 0 |a architektúra 
610 2 0 |a urbanizmus 
610 2 0 |a Vodné dielo Gabčíkovo 
610 2 0 |a Gabčíkovo 
100 1 |a Chorvát, S.